| 000 | 00665nam a22002417a 4500 | ||
|---|---|---|---|
| 003 | OSt | ||
| 005 | 20220107122819.0 | ||
| 008 | 160720b xxu||||| |||| 00| 0 eng d | ||
| 020 | _a9788131518762 | ||
| 040 | _cIIITMK | ||
| 082 | _a005.133J FAR/J | ||
| 100 |
_aFarrell, Joyce _910284 |
||
| 245 |
_aJava for beginners _cJoyce Farrell and Ankit R. Bhavsar |
||
| 250 | _a4 | ||
| 260 |
_aNew Delhi, _bCengage Learning India, _c2013. |
||
| 300 | _a598p. | ||
| 500 | _aGifted by Dr. Rajasree M S | ||
| 650 |
_aCOMPUTER SCIENCE _910285 |
||
| 650 |
_aCOMPUTER PROGRAMMING _910286 |
||
| 650 |
_aJAVA _910287 |
||
| 700 |
_aBhavsar, Ankit R. _910288 |
||
| 942 |
_2ddc _cBK |
||
| 999 |
_c5318 _d5318 |
||